000 01848nam a2200337 a 4500
001 BRCA_4911
005 20190320204845.0
008 201010s1819----mx-####f#v---#000-0#spa-#
041 _aspa
044 _amx
084 _aDOC11
_b.B87
_c1819
100 1 _aBustamante, Carlos María de
_d1774-1848
_9555
245 1 0 _aDocumento firmado el 11 de marzo de 1819
_cCarlos María de Bustamante ... [et al.].
260 _aMéxico
_c1819
300 _a[6] fojas
_c31 x 21 cm
500 _aDocumento firmado el 11 de marzo de 1819
500 _aDocumento firmado por los Señores Yañez, Mansilla, Medina, Osés, Torres y Francisco Calderón. Contiene el pedimento fiscal del crimen en la causa de Don Carlos María de Bustamante para que se traslade a los presidios de África en virtud de que el indultado Bustamante, a intentado fugarse de Veracruz en un barco extranjero rumbo a los Estados Unidos, y que a pesar de no habersele reducido la prisión como se había hecho con los Gómez, los Teranes, los Coses, los Quintana y otros prisioneros, había dado muestra evidentes de seguir abrazando la causa de independencia
500 _aEl documento tiene la leyenda DOC. #20
500 _aEstado de conservación: Contiene la última foja esta desprendida y tiene anotaciones con tinta roja
506 0 _aFondo reservado: para su consulta es necesario credencial de usuario y carta de motivos
546 _aTexto en: español a principios del siglo XIX
600 1 4 _aBustamantes, Carlos María de
_cCronista
_d1774-1848
_912431
651 4 _aMéxico
_vManuscrito
_xHistoria
_yGuerra de Independencia, 1810-1821
_912432
700 1 _aYañez
_cSeñor
_912433
700 1 _aMansilla
_cSeñor
_912434
700 1 _aMedina
_cSeñor
_912435
700 1 _aOsés
_cSeñor
_912436
700 1 _aTorres
_cSeñor
_912437
902 _aFDH
942 _2lcc
_cD
999 _c4605
_d4605